Constitutional and Administrative Law : (Record no. 885)

MARC details
000 -LEADER
fixed length control field 00611nam a22001817a 4500
005 - DATE AND TIME OF INPUT
control field 20231123102241.0
008 - DATA ELEMENTS--GENERAL INFORMATION
fixed length control field 231123b |||||||| |||| 00| 0 eng d
020 ## - INTERNATIONAL STANDARD BOOK NUMBER
International Standard Book Number 0702123161
041 ## - LANGUAGE CODE
Language code of text English
082 ## - SHELF NUMBER
DDC number 342 BOU
100 ## - MAIN AUTHOR
Main author's name Boulle, L ; Harris, B and Hoexter, C
Language of a work English
245 ## - TITLE STATEMENT
Title Constitutional and Administrative Law :
Sub-title Basic Principles /
Statement of responsibility, etc. L Boulle, B Harris and C Hoexter
250 ## - EDITION STATEMENT
Edition statement First Edition
260 ## - PUBLICATION, DISTRIBUTION, ETC.
Place of publication, distribution, etc. Cape Town :
Name of publisher, distributor, etc. Juta and Company Ltd,
Date of publication, distribution, etc. 1989
300 ## - PHYSICAL DESCRIPTION
Other physical details xx, 383 pages ;
Dimensions 25,5 cm.
650 ## - SUBJECT`
Broad subject Legal practice
Own subject terms Law
942 ## - ADDED ENTRY ELEMENTS (KOHA)
Item type Books
942 ## - ADDED ENTRY ELEMENTS (KOHA)
-- ALISON_BN_VRIES
Holdings
Source of classification or shelving scheme Not for loan Collection code Home library Current library Shelving location Date acquired Full call number Barcode Price effective from Koha item type
Dewey Decimal Classification   TEXT BOOKS LAW SOCIETY OF NAMIBIA LIBRARY - WINDHOEK LAW SOCIETY OF NAMIBIA LIBRARY - WINDHOEK Constitutional and administrative law 11/23/2023 342 BOU LSN/1993/49 11/23/2023 Books